| 000 | 00586nam a22001457a 4500 | ||
|---|---|---|---|
| 003 | OSt | ||
| 005 | 20150905110726.0 | ||
| 008 | 150905b xxu||||| |||| 00| 0 eng d | ||
| 040 | _cRUA | ||
| 082 | _aAGR សុខ 1992 B003 Or.1 | ||
| 100 |
_914 _aសុខ វ៉ាន់ថន |
||
| 245 | _aសិក្សាអំពីគ្រោងការសំរាប់វាយតំលៃ និងពង្រីក នវានុវត្តន៏ថ្មីមួយនៅក្បាលពោធិ ខេត្តតាកែវ | ||
| 300 |
_a73p. _bill. _c29cm. |
||
| 942 |
_2ddc _cAGR |
||
| 999 |
_c12 _d12 |
||